[Event "Neuilly Ernst Young Trophy"]
[Site "Neuilly"]
[Date "2004.04.03"]
[Round "4"]
[White "Le, Samuel"]
[Black "Andrez, Marc Olivier"]
[Result "0-1"]
[WhiteElo "2035"]
[BlackElo "2173"]
[PlyCount "70"]
[EventDate "2004.04.??"]
[EventType "swiss (rapid)"]
[EventRounds "7"]
[EventCountry "FRA"]
[SourceTitle "EXT 2005"]
[Source "ChessBase"]
[SourceDate "2004.11.15"]
[SourceVersion "1"]
[SourceVersionDate "2004.11.15"]
[SourceQuality "1"]

1. e4 e6 2. d4 d5 3. Nd2 Nf6 4. e5 Nfd7 5. Bd3 c5 6. c3 Nc6 7. Ne2 cxd4 8. cxd4 f6 9. exf6 Nxf6 10. 0-0 Bd6 11. Nf3 0-0 12. Re1 Qc7 13. Bg5 Bd7 14. Rc1 Be8 15. Ng3 h6 16. Bxf6 Rxf6 17. Ne5 Bxe5 18. dxe5 Rf4 19. Bb1 g5 20. Nh5 Bxh5 21. Qxh5 Qg7 22. g3 Rff8 23. h4 g4 24. Bg6 Kh8 25. Rc3 Rad8 26. Rce3 d4 27. Re4 d3 28. Rxg4 d2 29. Rd1 Nxe5 30. Bf5 Nxg4 31. Bxg4 Rd5 32. Bf5 Rdxf5 33. Qe2 Rxf2 34. Qxf2 Rxf2 35. Kxf2 Qxb2 0-1

[Event "FRA-chT3 Gr12 0304"]
[Site "Loire"]
[Date "2004.01.18"]
[Round "4.1"]
[White "Noharet, Michael"]
[Black "Andrez, Marc Olivier"]
[Result "0-1"]
[WhiteElo "1810"]
[BlackElo "2173"]
[PlyCount "34"]
[EventDate "2003.10.12"]
[EventType "team"]
[EventRounds "9"]
[EventCountry "FRA"]
[SourceTitle "EXT 2008"]
[Source "ChessBase"]
[SourceDate "2007.11.25"]
[SourceVersion "1"]
[SourceVersionDate "2007.11.25"]
[SourceQuality "1"]

1. f4 g6 2. Nf3 Bg7 3. e4 c5 4. Bc4 Nc6 5. e5 d5 6. exd6 exd6 7. 0-0 Nge7 8. a3 0-0 9. Kh1 d5 10. Ba2 Bg4 11. c3 Nf5 12. Qb3 c4 13. Qxb7 Na5 14. Qb5 Bxf3 15. Rxf3 Qh4 16. g3 Qh3 17. Qc5 Nh4 0-1

[Event "FRA-ch Accession"]
[Site "Val d'Isere"]
[Date "2002.08.20"]
[Round "1"]
[White "Andrez, Marc Olivier"]
[Black "Brunner, Nicolas"]
[Result "1/2-1/2"]
[WhiteElo "2132"]
[BlackElo "2253"]
[PlyCount "68"]
[EventDate "2002.08.20"]
[EventType "swiss"]
[EventRounds "11"]
[EventCountry "FRA"]
[SourceTitle "EXT 2016"]
[Source "ChessBase"]
[SourceDate "2015.10.08"]
[SourceVersion "1"]
[SourceVersionDate "2015.10.08"]
[SourceQuality "1"]

1. d4 Nf6 2. c4 c5 3. d5 b5 4. cxb5 a6 5. b6 Qxb6 6. Nc3 d6 7. e4 g6 8. f4 Bg7 9. Nf3 Bg4 10. Be2 0-0 11. 0-0 Nbd7 12. Nd2 Bxe2 13. Qxe2 Qc7 14. a4 e6 15. dxe6 fxe6 16. Nf3 Qc6 17. Ng5 Rae8 18. Bd2 h6 19. Nf3 Rb8 20. Nh4 Rxb2 21. Nxg6 Re8 22. Rad1 Nf8 23. Nxf8 Rxf8 24. e5 Nd5 25. Ne4 Nxf4 26. Qf3 Nh3+ 27. Qxh3 Rxf1+ 28. Rxf1 Qxe4 29. Qxe6+ Kh7 30. Qxd6 Qxe5 31. Qd3+ Kg8 32. Qd8+ Kh7 33. Qd3+ Kg8 34. Qc4+ Kh7 1/2-1/2

[Event "Montpellier op-A"]
[Site "Montpellier"]
[Date "2001.??.??"]
[Round "1.3"]
[White "Andrez, Marc Olivier"]
[Black "Kosten, Anthony C"]
[Result "0-1"]
[WhiteElo "2180"]
[BlackElo "2542"]
[PlyCount "44"]
[EventDate "2001.??.??"]
[EventType "swiss"]
[EventRounds "7"]
[EventCountry "FRA"]
[SourceTitle "EXT 2003"]
[Source "ChessBase"]
[SourceDate "2002.11.25"]
[SourceVersion "1"]
[SourceVersionDate "2002.11.25"]
[SourceQuality "1"]

1. e4 c5 2. Nc3 Nc6 3. Nf3 d6 4. d4 cxd4 5. Nxd4 Nf6 6. Be3 e5 7. Nb3 Be7 8. f3 Be6 9. Qd2 0-0 10. 0-0-0 a5 11. Kb1 a4 12. Nc1 a3 13. b3 Nb4 14. Nd3 d5 15. Nxe5 Rc8 16. exd5 Bf5 17. Bd3 Nxd3 18. Nxd3 Rxc3 19. Qxc3 Nxd5 20. Qd4 Bf6 21. Ne5 Qc7 22. f4 Nxe3 0-1

[Event "Montpellier op-A"]
[Site "Montpellier"]
[Date "2001.??.??"]
[Round "5.10"]
[White "Andrez, Marc Olivier"]
[Black "Marciano, David"]
[Result "0-1"]
[WhiteElo "2180"]
[BlackElo "2513"]
[PlyCount "73"]
[EventDate "2001.??.??"]
[EventType "swiss"]
[EventRounds "7"]
[EventCountry "FRA"]
[SourceTitle "EXT 2003"]
[Source "ChessBase"]
[SourceDate "2002.11.25"]
[SourceVersion "1"]
[SourceVersionDate "2002.11.25"]
[SourceQuality "1"]

1. e4 c5 2. Nc3 e6 3. Nf3 a6 4. d4 cxd4 5. Nxd4 Qc7 6. Be3 Nc6 7. Be2 b5 8. 0-0 Bb7 9. f4 Bc5 10. Bf3 d6 11. Kh1 Qb6 12. Nxc6 Bxe3 13. Nb4 Bd4 14. e5 dxe5 15. fxe5 Bxc3 16. Bxb7 Qxb7 17. bxc3 Ne7 18. Qh5 0-0 19. Rad1 Nf5 20. Rf3 Rad8 21. Rfd3 Rxd3 22. cxd3 a5 23. Nc2 Qd5 24. Qf3 Qxa2 25. Ne3 Nxe3 26. Qxe3 a4 27. Qe1 h6 28. h3 Rc8 29. Rc1 Qb2 30. c4 a3 31. Rb1 bxc4 32. dxc4 Rxc4 33. Kh2 Qd4 34. Kh1 a2 35. Rd1 Qe4 36. Qf1 Rc2 37. Rd8+ 0-1